Normal view
MARC view
- فلسطين- تاريخ فلسطين- الجهاد
Entry Topical Term
001 - CONTROL NUMBER
- control field: 17572
003 - CONTROL NUMBER IDENTIFIER
- control field: JO-AjAnu
005 - DATE AND TIME OF LATEST TRANSACTION
- control field: 20230606073112.0
008 - FIXED-LENGTH DATA ELEMENTS
- fixed length control field: 230606|| aca||aabn | a|a d
040 ## - CATALOGING SOURCE
- Original cataloging agency: JO-AjAnu
- Transcribing agency: JO-AjAnu
150 ## - HEADING--TOPICAL TERM
- Topical term or geographic name entry element: فلسطين- تاريخ فلسطين- الجهاد
670 ## - SOURCE DATA FOUND
- Source citation: Work cat.: (JO-AjAnu)9022: النحوي، عدنان علي رضا محمد, author 17571, ملحمة بين سجن أبو غريب ورفح